| 000 | 01065nam a22002417i 4500 | ||
|---|---|---|---|
| 999 |
_c22830 _d22830 |
||
| 003 | AR-CdUCM | ||
| 008 | 240417b20232023pe ||||| |||| 00| 0 spa d | ||
| 020 | _a978-612-48533-0-2 | ||
| 040 |
_aMUNICIPALIDAD PROVINCIAL DEL CUSCO _cBIBLIOTECA MUNICIPAL DEL CUSCO |
||
| 041 | _hspa | ||
| 082 |
_a322.10985 / A52 _bA52 |
||
| 100 |
_aAmat y León, Oscar _949563 |
||
| 245 | _aLos Nuevos Movimientos Político-religiosos en el Perú / | ||
| 260 |
_aLima : _bCIERP Centro de Investigación en religión, _c2023 |
||
| 300 |
_a79 páginas. : _c29 cm. |
||
| 500 | _zBibliografía: 72 páginas, | ||
| 505 | _aIglesias, nuevos movimientos religiosos y los grupos anti-derechos -- Sobre el desarrollo del protestantismo en América Latina -- Nuevos Movimientos Religiosos: una conceptualización -- Ocupación de espacios políticos públicos | ||
| 650 |
_aMovimientos políticos-Religiosos _949560 |
||
| 650 |
_aLos evangélicos conservadores _949561 |
||
| 650 |
_aLa disputa entre evangélicos y católicos _949562 |
||
| 942 |
_2ddc _cLIBROS |
||
| 945 |
_apbj _d17-04-2024 |
||